|
|
|
|
| LEADER |
00000naa2a2200000 4500 |
| 001 |
459718 |
| 005 |
20231101085149.0 |
| 035 |
|
|
|a (RuTPU)RU\TPU\prd\123515
|
| 035 |
|
|
|a RU\TPU\prd\30882
|
| 090 |
|
|
|a 459718
|
| 100 |
|
|
|a 20111024a2004 k y0rusy50 ca
|
| 101 |
0 |
|
|a rus
|
| 102 |
|
|
|a RU
|
| 200 |
1 |
|
|a Централизованное компьютерное тестирование знаний учащихся Приморья
|f В. Короченцев, И. Морев, А. Бессонова
|
| 225 |
1 |
|
|a Качество: национальная программа
|
| 320 |
|
|
|a Библиогр.: 3 назв.
|
| 461 |
|
1 |
|0 (RuTPU)RU\TPU\prd\992
|x 0038-9692
|t Стандарты и качество
|o научно-технический журнал
|f Российская Федерация, Государственный комитет по стандартизации и метрологии (Госстандарт России)
|d 1980-
|
| 463 |
|
1 |
|0 (RuTPU)RU\TPU\prd\123495
|t № 9
|v С. 78-79
|d 2004
|
| 610 |
1 |
|
|a компьютерное тестирование
|
| 610 |
1 |
|
|a централизованное тестирование
|
| 610 |
1 |
|
|a тестирование знаний
|
| 610 |
1 |
|
|a Приморье
|
| 610 |
1 |
|
|a единый государственный экзамен
|
| 610 |
1 |
|
|a контроль качества
|
| 610 |
1 |
|
|a качество знаний
|
| 700 |
|
1 |
|a Короченцев
|b В.
|
| 701 |
|
1 |
|a Морев
|b И.
|
| 701 |
|
1 |
|a Бессонова
|b А.
|
| 801 |
|
1 |
|a RU
|b 63413507
|c 20041209
|g PSBO
|
| 801 |
|
2 |
|a RU
|b 63413507
|c 20111024
|g RCR
|
| 942 |
|
|
|c BK
|